000 01385nam0a2200373 4500
001 RU\NLR\bibl\1792814
005 20260405231618.0
010 _a978-5-9221-0952-9
_9700
021 _aRU
_b2011-49481
_93528
035 _a(nilc)RSL-KNO-004967649
035 _aRU\NLR\bibl\1302811
035 _a(LIBNET)RSL-KNO-004124579
035 _a(NLR Aleph) 001783507
090 _a1712550
_c1712550
100 _a20081001d2011 |||y0rusy50 ca
101 0 _arus
102 _aRU
105 _aa |||||||||
200 1 _aАстрономия
_e[учебное пособие]
_fА. В. Засов, Э. В. Кононович
210 _aМосква
_cФизматлит
_d2011
215 _a254 с., [4] л. цв. ил.
_cил., портр., табл.
_d23
606 1 _aАстрономия
_jУчебные издания
_9948735
_3RU\NLR\auth\6633617
686 _aВ6я721-1
_2rubbk
686 _aВ6я7
700 1 _4070
_7ca
_8rus
_aЗасов
_bА. В.
_f1941-
_gАнатолий Владимирович
_918973
_3RU\NLR\auth\7735979
701 1 _4070
_7ca
_8rus
_aКононович
_bЭ. В.
_f1931-
_gЭдвард Владимирович
_988438
_3RU\NLR\auth\77105513
801 0 _aRU
_bРГБ
_c20081001
_grcr
801 1 _aRU
_bРГБ
_c20081001
801 1 _aRU
_bNLR
_c20081001
801 2 _aRU
_bNLR
_c20110728
_grcr
942 _cBOOK
980 _aNB
980 _aNBR